Face value? (Record no. 81890)

MARC details
000 -LEADER
fixed length control field 01057cab a22002055a 4500
001 - CONTROL NUMBER
control field L148581
008 - FIXED-LENGTH DATA ELEMENTS--GENERAL INFORMATION
fixed length control field 091005e20081212xxk f l 000 0 eng d
035 ## - SYSTEM CONTROL NUMBER
System control number (Sirsi) u148581
041 0# - LANGUAGE CODE
Language code of text/sound track or separate title eng
100 1# - MAIN ENTRY--PERSONAL NAME
Personal name Reid, Evelyn
245 00 - TITLE STATEMENT
Title Face value?
260 ## - PUBLICATION, DISTRIBUTION, ETC.
Date of publication, distribution, etc. 2008
490 #0 - SERIES STATEMENT
Series statement New Law Journal
Volume/sequential designation 158(7349) 12 December 2008, 1743(1)
520 ## - SUMMARY, ETC.
Summary, etc. Platform Funding Ltd v Bank of Scotland Plc (formerly Halifax Plc) [2008] EWCA Civ 930, 31 July 2008 (see L144934). CA had to decide whether the inspection of the wrong property was a breach of an unqualified obligation. Held: by accepting instructions to inspect and value a particular property, notwithstanding being misled into valuing a different property in this case, the valuers undertook an unqualified obligation to inspect the property and failing to do so were in breach of contract.
590 ## - LOCAL NOTE (RLIN)
Local note KA
650 24 - SUBJECT ADDED ENTRY--TOPICAL TERM
Topical term or geographic name entry element PLATFORM FUNDING LTD V BANK OF SCOTLAND PLC (FORMERLY HALIFAX PLC)
651 #4 - SUBJECT ADDED ENTRY--GEOGRAPHIC NAME
Geographic name England and Wales
Chronological subdivision 1543-
690 ## - LOCAL SUBJECT ADDED ENTRY--TOPICAL TERM (OCLC, RLIN)
Topical term or geographic name as entry element PROPERTY-PROPERTY VALUATION AND APPRAISAL
942 ## - ADDED ENTRY ELEMENTS (KOHA)
Suppress in OPAC 0
Holdings
Withdrawn status Lost status Source of classification or shelving scheme Damaged status Not for loan Home library Current library Shelving location Date acquired Total Checkouts Full call number Barcode Date last seen Copy number Price effective from Koha item type
    Dewey Decimal Classification     London London Journal article 05/10/2009   L148581 148581-1001 06/08/2019 1 06/08/2019 Journal article